[Event "AUT-ch U18"]
[Site "Imst"]
[Date "2008.03.17"]
[Round "2"]
[White "Klocker, Benedikt"]
[Black "Kuran, Avelino"]
[Result "1-0"]
[WhiteElo "2149"]
[BlackElo "2073"]
[PlyCount "59"]
[EventDate "2008.03.17"]
[EventType "swiss"]
[EventRounds "7"]
[EventCountry "AUT"]
[SourceTitle "CBM 123 Extra"]
[Source "ChessBase"]
[SourceDate "2008.05.06"]
[SourceVersion "1"]
[SourceVersionDate "2008.05.06"]
[SourceQuality "1"]

1. e4 c5 2. Nf3 d6 3. d4 cxd4 4. Nxd4 Nf6 5. Nc3 g6 6. Be3 Bg7 7. f3 Nc6 8. Qd2 0-0 9. Bc4 Bd7 10. h4 h5 11. 0-0-0 Ne5 12. Bb3 Rc8 13. Bg5 Rc5 14. Kb1 b5 15. g4 hxg4 16. h5 Nxh5 17. Nd5 Re8 18. Rxh5 gxh5 19. Qh2 Nc4 20. Qxh5 Rxd5 21. exd5 Qb6 22. c3 Qc5 23. Rh1 e5 24. Bh6 Bf6 25. Ne6 Rxe6 26. Qxg4+ Bg5 27. Qxg5+ Rg6 28. Qd8+ Kh7 29. Be3+ Kg7 30. Qh8# 1-0

[Event "AUT-ch U18"]
[Site "Imst"]
[Date "2008.03.17"]
[Round "1"]
[White "Kuran, Avelino"]
[Black "Klocker, Samuel"]
[Result "1/2-1/2"]
[WhiteElo "2073"]
[BlackElo "1954"]
[PlyCount "97"]
[EventDate "2008.03.17"]
[EventType "swiss"]
[EventRounds "7"]
[EventCountry "AUT"]
[SourceTitle "CBM 123 Extra"]
[Source "ChessBase"]
[SourceDate "2008.05.06"]
[SourceVersion "1"]
[SourceVersionDate "2008.05.06"]
[SourceQuality "1"]

1. e4 e5 2. d4 exd4 3. Qxd4 Nc6 4. Qe3 Nf6 5. Nc3 Bb4 6. Bd2 d6 7. 0-0-0 Be6 8. f3 Qd7 9. g4 Bc5 10. Qe1 h6 11. Nge2 Bxg4 12. fxg4 Nxg4 13. Bh3 Nce5 14. Bf4 Ng6 15. Qg3 h5 16. Bxg4 hxg4 17. Nd5 c6 18. b4 Rh3 19. Qg2 Nh4 20. Qf1 Rf3 21. Qe1 Bf2 22. Qd2 cxd5 23. exd5 Ng6 24. Kb1 Nxf4 25. Nxf4 Kf8 26. Nd3 Be3 27. Qg2 a5 28. Ne1 axb4 29. Nxf3 Qa4 30. c4 gxf3 31. Qb2 Bg5 32. Rd3 Bf6 33. Qb3 Qxb3+ 34. Rxb3 f2 35. Rf1 Bd4 36. Rxb4 Re8 37. Kc2 Re1 38. Rb1 Rxf1 39. Rxf1 b6 40. Kd3 Bc5 41. Ke2 Ke7 42. Rb1 g5 43. a4 Bd4 44. Rd1 Bc5 45. h4 gxh4 46. Rh1 Kf6 47. Rxh4 Ke5 48. Rh5+ f5 49. Rh4 1/2-1/2

[Event "Regionalliga SO 0708"]
[Site "Bayern"]
[Date "2008.03.09"]
[Round "7.4"]
[White "Durakovic, Alman"]
[Black "Kuran, Avelino"]
[Result "1-0"]
[WhiteElo "2120"]
[BlackElo "2104"]
[PlyCount "95"]
[EventDate "2007.10.21"]
[EventType "team-tourn"]
[EventRounds "9"]
[EventCountry "GER"]
[SourceTitle "EXT 2009"]
[Source "ChessBase"]
[SourceDate "2008.11.26"]
[SourceVersion "1"]
[SourceVersionDate "2008.11.26"]
[SourceQuality "1"]
[WhiteTeam "Trostberg"]
[BlackTeam "Passau II"]
[WhiteTeamCountry "GER"]
[BlackTeamCountry "GER"]

1. d4 Nf6 2. c4 e6 3. Nf3 b6 4. a3 Be7 5. Nc3 d5 6. Bg5 0-0 7. cxd5 exd5 8. e3 Be6 9. Bd3 c5 10. Ne5 h6 11. Bh4 Nfd7 12. Bxe7 Qxe7 13. 0-0 Nxe5 14. dxe5 f6 15. exf6 Qxf6 16. Qh5 Bf7 17. Qg4 Nc6 18. Rad1 Ne5 19. Qa4 Rad8 20. Be2 Rd7 21. f4 Nc6 22. e4 d4 23. e5 Qe6 24. Ne4 Rc7 25. Nd6 Qb3 26. Qa6 Bd5 27. Bc4 Bxc4 28. Qxc4+ Qxc4 29. Nxc4 Ne7 30. Rd3 Nd5 31. Rdf3 b5 32. Nd6 a6 33. f5 Re7 34. e6 Ne3 35. R1f2 g6 36. Rg3 g5 37. h4 g4 38. h5 Kg7 39. Ne4 Rxf5 40. Rxf5 Nxf5 41. Rxg4+ Kf8 42. Rf4 Rxe6 43. Rxf5+ Ke7 44. Nxc5 Re2 45. b4 Re3 46. Rf3 Re5 47. Rd3 a5 48. g4 1-0

[Event "Wch U18"]
[Site "Kemer"]
[Date "2007.11.18"]
[Round "1"]
[White "Tologontegin, Semetey"]
[Black "Kuran, Avelino"]
[Result "1-0"]
[WhiteElo "2320"]
[BlackElo "2069"]
[PlyCount "51"]
[EventDate "2007.11.18"]
[EventType "swiss"]
[EventRounds "11"]
[EventCountry "TUR"]
[SourceTitle "CBM 121 Extra"]
[Source "ChessBase"]
[SourceDate "2008.01.10"]
[SourceVersion "1"]
[SourceVersionDate "2008.01.10"]
[SourceQuality "1"]

1. c4 e6 2. g3 Nf6 3. Bg2 d5 4. Nf3 c6 5. b3 b5 6. Bb2 Nbd7 7. 0-0 Be7 8. d3 0-0 9. Nbd2 bxc4 10. bxc4 Ba6 11. Qc2 Rb8 12. Rab1 Qa5 13. Bc3 Qa3 14. e4 Nc5 15. Nd4 Rbc8 16. Bb4 Qxd3 17. Qxd3 Nxd3 18. Bxe7 Rfe8 19. Bxf6 gxf6 20. exd5 exd5 21. cxd5 c5 22. Nf5 Re7 23. Ne4 Kf8 24. Nxf6 c4 25. Bf3 Re2 26. Rbd1 1-0

[Event "Cesenatico op"]
[Site "Cesenatico"]
[Date "2007.09.03"]
[Round "3"]
[White "Froewis, Georg"]
[Black "Kuran, Avelino"]
[Result "1-0"]
[WhiteElo "2208"]
[BlackElo "2069"]
[PlyCount "53"]
[EventDate "2007.09.01"]
[EventType "swiss"]
[EventRounds "7"]
[EventCountry "ITA"]
[SourceTitle "CBM 120 Extra"]
[Source "ChessBase"]
[SourceDate "2007.11.01"]
[SourceVersion "1"]
[SourceVersionDate "2007.11.01"]
[SourceQuality "1"]

1. e4 c5 2. Nf3 d6 3. d4 cxd4 4. Nxd4 Nf6 5. Nc3 g6 6. Be3 Bg7 7. f3 Nc6 8. Qd2 0-0 9. Bc4 Bd7 10. 0-0-0 Rc8 11. Bb3 Ne5 12. Kb1 Re8 13. h4 h5 14. Bh6 Nc4 15. Bxc4 Rxc4 16. Bxg7 Kxg7 17. g4 hxg4 18. h5 Rh8 19. hxg6 fxg6 20. f4 e5 21. Rxh8 Qxh8 22. Nde2 Qf8 23. fxe5 dxe5 24. Rf1 Be6 25. Ng3 Qe7 26. Qg5 Rc7 27. Rxf6 1-0

[Event "AUT-ch U18"]
[Site "Bad Ischl"]
[Date "2007.04.04"]
[Round "7"]
[White "Kuran, Avelino"]
[Black "Breneis, Lukas"]
[Result "1-0"]
[WhiteElo "2056"]
[BlackElo "2044"]
[PlyCount "55"]
[EventDate "2007.03.31"]
[EventType "swiss"]
[EventRounds "7"]
[EventCountry "AUT"]
[SourceTitle "EXT 2008"]
[Source "ChessBase"]
[SourceDate "2007.11.25"]
[SourceVersion "1"]
[SourceVersionDate "2007.11.25"]
[SourceQuality "1"]

1. Nf3 Nf6 2. c4 g6 3. g3 Bg7 4. Bg2 0-0 5. Nc3 d6 6. 0-0 Nc6 7. d4 Bd7 8. Bf4 Nh5 9. Be3 e5 10. dxe5 Nxe5 11. Nxe5 Bxe5 12. Bd4 Be6 13. Bxe5 dxe5 14. Qb3 Rb8 15. Rfd1 Qe7 16. Qb5 Rfe8 17. b3 f6 18. Bd5 c6 19. Bxe6+ Qxe6 20. Qc5 f5 21. Rd6 Qe7 22. Rad1 e4 23. Qxa7 Qg5 24. e3 Nf6 25. h4 Qg4 26. Rxf6 Rbd8 27. Rxd8 Rxd8 28. Qxb7 1-0

[Event "AUT-ch U18"]
[Site "Bad Ischl"]
[Date "2007.04.01"]
[Round "3"]
[White "Radnetter, Georg"]
[Black "Kuran, Avelino"]
[Result "0-1"]
[WhiteElo "2094"]
[BlackElo "2056"]
[PlyCount "80"]
[EventDate "2007.03.31"]
[EventType "swiss"]
[EventRounds "7"]
[EventCountry "AUT"]
[SourceTitle "EXT 2008"]
[Source "ChessBase"]
[SourceDate "2007.11.25"]
[SourceVersion "1"]
[SourceVersionDate "2007.11.25"]
[SourceQuality "1"]

1. e4 c5 2. Nf3 d6 3. d4 cxd4 4. Nxd4 Nf6 5. Nc3 g6 6. Be3 Bg7 7. f3 Nc6 8. Qd2 0-0 9. Bc4 Bd7 10. Bb3 Rc8 11. 0-0-0 Ne5 12. Kb1 Re8 13. g4 b5 14. h4 b4 15. Nd5 Nxd5 16. Bxd5 e6 17. Bb7 Nc4 18. Qd3 Nxe3 19. Qxe3 Rc4 20. Nb3 Qf6 21. Qc1 Rc7 22. Ba6 Qxf3 23. Rxd6 Bc6 24. Rg1 Bxe4 25. Bd3 Bxd3 26. Rxd3 Qf2 27. Rgd1 Qxh4 28. g5 Qc4 29. Rd8 Rc8 30. R8d7 Rc7 31. Rd8 Rxd8 32. Rxd8+ Bf8 33. Qd1 Rc8 34. Rd7 a5 35. Qd2 a4 36. Nc1 a3 37. Qf2 e5 38. Nd3 Re8 39. b3 Qe6 40. Nxe5 Bg7 0-1

[Event "AUT-ch U18"]
[Site "Bad Ischl"]
[Date "2007.03.31"]
[Round "1"]
[White "Reinwald, Patrick"]
[Black "Kuran, Avelino"]
[Result "0-1"]
[WhiteElo "1865"]
[BlackElo "2056"]
[PlyCount "82"]
[EventDate "2007.03.31"]
[EventType "swiss"]
[EventRounds "7"]
[EventCountry "AUT"]
[SourceTitle "EXT 2008"]
[Source "ChessBase"]
[SourceDate "2007.11.25"]
[SourceVersion "1"]
[SourceVersionDate "2007.11.25"]
[SourceQuality "1"]

1. e4 c5 2. Nc3 g6 3. g3 Bg7 4. Bg2 Nc6 5. d3 e6 6. f4 Nge7 7. Nf3 d5 8. 0-0 0-0 9. Nh4 Rb8 10. f5 exf5 11. exf5 d4 12. Ne4 Bxf5 13. Nxc5 Qd6 14. Ne4 Bxe4 15. dxe4 Rbc8 16. Bh3 Rc7 17. Bf4 Be5 18. Bh6 Rd8 19. Qf3 f6 20. Qb3+ Kh8 21. Qf7 Nf5 22. Nxf5 Rxf7 23. Nxd6 Rxd6 24. Bf4 Kg7 25. Rac1 g5 26. Bxe5 fxe5 27. Rxf7+ Kxf7 28. Rf1+ Rf6 29. Rxf6+ Kxf6 30. a3 Na5 31. Bf1 Ke6 32. b4 Nc6 33. Kf2 a5 34. b5 Ne7 35. Ke2 Kd6 36. Kd3 Kc5 37. c3 dxc3 38. Kxc3 Nc8 39. Bd3 a4 40. h4 g4 41. h5 Nd6 0-1

[Event "AUT-chT2M 0607"]
[Site "Austria"]
[Date "2006.11.26"]
[Round "4.6"]
[White "Kainz, Josef"]
[Black "Kuran, Avelino"]
[Result "1/2-1/2"]
[WhiteElo "2003"]
[BlackElo "1993"]
[PlyCount "121"]
[EventDate "2006.10.28"]
[EventType "team-tourn"]
[EventRounds "11"]
[EventCountry "AUT"]
[SourceTitle "EXT 2007"]
[Source "ChessBase"]
[SourceDate "2006.11.23"]
[SourceVersion "1"]
[SourceVersionDate "2006.11.23"]
[SourceQuality "1"]
[WhiteTeam "Graz Strassenbahn"]
[BlackTeam "Sauwald"]
[WhiteTeamCountry "AUT"]
[BlackTeamCountry "AUT"]

1. d4 d5 2. c4 e6 3. Nf3 c6 4. e3 Nf6 5. Qc2 Nbd7 6. Nc3 Bd6 7. g4 dxc4 8. g5 Nd5 9. Bxc4 Nb4 10. Qe2 b5 11. Bb3 a5 12. a3 Na6 13. Bd2 a4 14. Bc2 Nc7 15. Ne4 Be7 16. h4 Nd5 17. Ng3 b4 18. e4 Ba6 19. Bd3 Bxd3 20. Qxd3 bxa3 21. bxa3 Nc7 22. Nh5 Nb5 23. Nxg7+ Kf8 24. Nh5 Nc5 25. Qe3 Nb3 26. Ra2 Nxd2 27. Qxd2 Nxa3 28. 0-0 Nb5 29. Rd1 Rg8 30. Kh1 a3 31. Ne5 c5 32. Qf4 Qe8 33. g6 Rg7 34. gxf7 Rxf7 35. Qh6+ Kg8 36. Rg1+ Kh8 37. Nxf7+ Qxf7 38. Rg7 Qf3+ 39. Kg1 Qxe4 40. Re2 Qb1+ 41. Kg2 Bf8 42. Qf6 Qf5 43. Rb7+ Qxf6 44. Nxf6 Bg7 45. Nh5 Nxd4 46. Ra2 Be5 47. f4 Rg8+ 48. Kh3 Nf3 49. Rxa3 Ng1+ 50. Kh2 Bd4 51. Ng3 c4 52. Rc7 c3 53. Rcxc3 Rg4 54. Rc7 Rg8 55. Rd3 e5 56. f5 e4 57. Nxe4 Be5+ 58. Kh1 Bxc7 59. Nf6 Rf8 60. Nxh7 Kxh7 61. Kxg1 1/2-1/2

[Event "AUT-chT2M 0607"]
[Site "Austria"]
[Date "2006.10.28"]
[Round "1.6"]
[White "Eichert, Wolfgang"]
[Black "Kuran, Avelino"]
[Result "0-1"]
[WhiteElo "2159"]
[BlackElo "1993"]
[PlyCount "58"]
[EventDate "2006.10.28"]
[EventType "team-tourn"]
[EventRounds "11"]
[EventCountry "AUT"]
[SourceTitle "EXT 2007"]
[Source "ChessBase"]
[SourceDate "2006.11.23"]
[SourceVersion "1"]
[SourceVersionDate "2006.11.23"]
[SourceQuality "1"]
[WhiteTeam "Maria Saal"]
[BlackTeam "Sauwald"]
[WhiteTeamCountry "AUT"]
[BlackTeamCountry "AUT"]

1. e4 c5 2. c3 d5 3. exd5 Qxd5 4. d4 Nc6 5. Nf3 Bg4 6. Be2 e6 7. Be3 cxd4 8. cxd4 Nf6 9. Nc3 Qd7 10. 0-0 Bd6 11. h3 Bh5 12. Bg5 Bxf3 13. Bxf3 Nxd4 14. Bxf6 gxf6 15. Bxb7 Rb8 16. Kh1 Rxb7 17. Qxd4 Be5 18. Qe4 Rxb2 19. Rad1 Rd2 20. Rxd2 Qxd2 21. Rd1 Qf4 22. Qc6+ Kf8 23. Kg1 Kg7 24. g3 Qf5 25. Rd7 Bxc3 26. Qxc3 Rb8 27. Kg2 Rb1 28. Rxa7 Qe4+ 29. f3 Qe2# 0-1

[Event "Vienna op-A 15th"]
[Site "Vienna"]
[Date "2006.08.05"]
[Round "8"]
[White "Galavics, Hermann"]
[Black "Kuran, Avelino"]
[Result "1/2-1/2"]
[WhiteElo "2092"]
[BlackElo "1993"]
[PlyCount "43"]
[EventDate "2006.07.29"]
[EventType "swiss"]
[EventRounds "9"]
[EventCountry "AUT"]
[SourceTitle "CBM 113 Extra"]
[Source "ChessBase"]
[SourceDate "2006.09.14"]
[SourceVersion "1"]
[SourceVersionDate "2006.09.14"]
[SourceQuality "1"]

1. d4 Nf6 2. c4 e6 3. Nf3 b6 4. g3 Ba6 5. b3 c6 6. Bg2 Bb4+ 7. Bd2 Be7 8. 0-0 d5 9. cxd5 cxd5 10. Bc3 Nc6 11. Nbd2 Rc8 12. a3 0-0 13. Bb2 Ne4 14. Re1 Bf6 15. Nxe4 dxe4 16. Ne5 Nxe5 17. dxe5 Qxd1 18. Raxd1 Rc2 19. Rb1 Bg5 20. Bxe4 Rxe2 21. Rxe2 Bxe2 22. Re1 1/2-1/2

[Event "Vienna op-A 15th"]
[Site "Vienna"]
[Date "2006.08.02"]
[Round "5"]
[White "Kuran, Avelino"]
[Black "Klein, Felix"]
[Result "0-1"]
[WhiteElo "1993"]
[BlackElo "2205"]
[PlyCount "60"]
[EventDate "2006.07.29"]
[EventType "swiss"]
[EventRounds "9"]
[EventCountry "AUT"]
[SourceTitle "CBM 113 Extra"]
[Source "ChessBase"]
[SourceDate "2006.09.14"]
[SourceVersion "1"]
[SourceVersionDate "2006.09.14"]
[SourceQuality "1"]

1. d4 d5 2. c4 e6 3. Nc3 c6 4. Nf3 dxc4 5. a4 Bb4 6. g3 b5 7. Bg2 Bb7 8. 0-0 a6 9. Qc2 Nf6 10. Rd1 Nbd7 11. Ne5 Nd5 12. e4 Nxc3 13. bxc3 Be7 14. f4 0-0 15. Be3 Qc7 16. Nf3 Rfd8 17. Rf1 c5 18. f5 exf5 19. Bf4 Qb6 20. a5 Qa7 21. e5 Be4 22. Qf2 Qb7 23. Rae1 cxd4 24. Rxe4 fxe4 25. Ng5 Bxg5 26. Bxg5 Nxe5 27. Qf5 Nf3+ 28. Rxf3 exf3 29. Bxf3 Qc8 30. Qf4 Re8 0-1

[Event "Vienna op-A 15th"]
[Site "Vienna"]
[Date "2006.08.01"]
[Round "4"]
[White "Vonthron, Horst"]
[Black "Kuran, Avelino"]
[Result "1-0"]
[WhiteElo "2310"]
[BlackElo "1993"]
[PlyCount "71"]
[EventDate "2006.07.29"]
[EventType "swiss"]
[EventRounds "9"]
[EventCountry "AUT"]
[SourceTitle "CBM 113 Extra"]
[Source "ChessBase"]
[SourceDate "2006.09.14"]
[SourceVersion "1"]
[SourceVersionDate "2006.09.14"]
[SourceQuality "1"]

1. e4 c5 2. Nf3 d6 3. d4 cxd4 4. Nxd4 Nf6 5. Nc3 g6 6. Be3 Bg7 7. Bc4 Nc6 8. f3 0-0 9. Qd2 Bd7 10. h4 Ne5 11. Bb3 Qa5 12. h5 Nxh5 13. Bh6 Bxh6 14. Qxh6 Rfc8 15. Nde2 Be6 16. 0-0-0 Bxb3 17. axb3 f6 18. Nd5 Qd8 19. g4 Nf7 20. Qd2 Ng7 21. Nd4 e5 22. Qh2 h6 23. Nb5 Rc5 24. Nbc3 Ne6 25. f4 Rac8 26. f5 gxf5 27. gxf5 Neg5 28. Qh5 Rxc3 29. bxc3 Nxe4 30. Qg6+ Kf8 31. Rdg1 Neg5 32. Rxg5 fxg5 33. f6 Qa5 34. Qg7+ Ke8 35. Qg8+ Kd7 36. Qxf7+ 1-0

[Event "AUT-ch U16"]
[Site "Tschagguns"]
[Date "2006.04.13"]
[Round "7.7"]
[White "Ladenhauf, Gideon"]
[Black "Kuran, Avelino"]
[Result "0-1"]
[WhiteElo "1876"]
[BlackElo "1993"]
[PlyCount "40"]
[EventDate "2006.04.09"]
[EventType "swiss"]
[EventRounds "7"]
[EventCountry "AUT"]
[SourceTitle "EXT 2024"]
[Source "ChessBase"]
[SourceDate "2023.10.10"]
[SourceVersion "1"]
[SourceVersionDate "2023.10.10"]
[SourceQuality "1"]

1. d4 d5 2. c4 e5 3. dxe5 d4 4. f4 f6 5. Nf3 Nc6 6. exf6 Nxf6 7. g3 Bb4+ 8. Bd2 Bc5 9. Bg2 0-0 10. Ng5 h6 11. Ne4 Nxe4 12. Bxe4 Re8 13. Bd3 Bg4 14. 0-0 Bxe2 15. Qc2 Bxf1 16. Kxf1 Qd7 17. Bf5 Qe7 18. Bd3 Qe6 19. a3 Qh3+ 20. Kg1 Re2 0-1

[Event "AUT-ch U16"]
[Site "Tschagguns"]
[Date "2006.04.11"]
[Round "4.2"]
[White "Radnetter, Georg"]
[Black "Kuran, Avelino"]
[Result "1-0"]
[WhiteElo "1949"]
[BlackElo "1993"]
[PlyCount "129"]
[EventDate "2006.04.09"]
[EventType "swiss"]
[EventRounds "7"]
[EventCountry "AUT"]
[SourceTitle "EXT 2024"]
[Source "ChessBase"]
[SourceDate "2023.10.10"]
[SourceVersion "1"]
[SourceVersionDate "2023.10.10"]
[SourceQuality "1"]

1. e4 c5 2. Nf3 Nc6 3. d4 cxd4 4. Nxd4 Nf6 5. Nc3 e5 6. Ndb5 d6 7. Bg5 a6 8. Na3 d5 9. Nxd5 Bxa3 10. bxa3 Qa5+ 11. Bd2 Qd8 12. Bg5 Qa5+ 13. Bd2 Qd8 14. Nxf6+ Qxf6 15. Bd3 Be6 16. 0-0 Rd8 17. Rb1 b5 18. a4 bxa4 19. Rb6 Nd4 20. Rxa6 0-0 21. Rxa4 Ra8 22. Rxa8 Rxa8 23. Be3 Bxa2 24. Bxd4 exd4 25. f4 Qc6 26. Qe2 Rb8 27. e5 Qc5 28. f5 Re8 29. Re1 Bc4 30. Qe4 Bxd3 31. cxd3 f6 32. e6 Kf8 33. Qb7 Re7 34. Qa8+ Re8 35. Qb7 Re7 36. Qb3 Qxf5 37. Qb8+ Re8 38. e7+ Kf7 39. Qb3+ Kg6 40. Qa4 Kf7 41. Qc4+ Kg6 42. Qxd4 h5 43. Qd6 Qa5 44. Re2 Qa7+ 45. d4 Kf7 46. Qd5+ Kg6 47. Qe4+ Kf7 48. Qe6+ Kg6 49. Re4 Qa1+ 50. Kf2 Qb2+ 51. Kg3 Qc3+ 52. Kh4 Kh6 53. g3 Qd2 54. Kh3 Qf2 55. Rf4 Qc2 56. d5 Qb3 57. Rxf6+ gxf6 58. Qxf6+ Kh7 59. Qf7+ Kh6 60. Qxe8 Qxd5 61. Qf8+ Kg5 62. Qf4+ Kg6 63. e8Q+ Kg7 64. Qe7+ Kg8 65. Qff8# 1-0

[Event "Graz op"]
[Site "Graz"]
[Date "2005.09.11"]
[Round "9"]
[White "Kuran, Avelino"]
[Black "Schrank, Manfred"]
[Result "1-0"]
[WhiteElo "2026"]
[BlackElo "1840"]
[PlyCount "55"]
[EventDate "2005.09.03"]
[EventType "swiss"]
[EventRounds "9"]
[EventCountry "AUT"]
[SourceTitle "EXT 2007"]
[Source "ChessBase"]
[SourceDate "2006.11.23"]
[SourceVersion "1"]
[SourceVersionDate "2006.11.23"]
[SourceQuality "1"]

1. e4 e6 2. d4 d5 3. Nd2 Nf6 4. e5 Nfd7 5. f4 c5 6. c3 Nc6 7. Ndf3 Qb6 8. a3 cxd4 9. cxd4 Be7 10. h4 a5 11. b3 f6 12. Bd3 f5 13. Ne2 h5 14. Bb2 Ndb8 15. Kf2 Bd7 16. Qc2 Na6 17. Rhc1 Rc8 18. Qd1 g6 19. g3 0-0 20. Rc3 Rc7 21. Rac1 Rfc8 22. Ke3 Na7 23. Rxc7 Rxc7 24. Bxa6 Rxc1 25. Qxc1 Qxa6 26. Qc7 Bb5 27. Qxe7 Bxe2 28. Ng5 1-0

[Event "AUT-ch qual"]
[Site "Gmunden"]
[Date "2005.08.21"]
[Round "9"]
[White "Egger, Martin"]
[Black "Kuran, Avelino"]
[Result "1/2-1/2"]
[WhiteElo "2054"]
[BlackElo "2016"]
[PlyCount "32"]
[EventDate "2005.08.13"]
[EventType "swiss"]
[EventRounds "9"]
[EventCountry "AUT"]
[SourceTitle "CBM 107 Extra"]
[Source "ChessBase"]
[SourceDate "2005.09.01"]
[SourceVersion "1"]
[SourceVersionDate "2005.09.01"]
[SourceQuality "1"]

1. Nf3 d5 2. g3 c6 3. Bg2 Nf6 4. 0-0 Bf5 5. d3 e6 6. b3 Nbd7 7. Bb2 h6 8. Nbd2 Be7 9. Qe1 0-0 10. e4 dxe4 11. dxe4 Bh7 12. Qe2 Qc7 13. Rad1 Rfd8 14. Kh1 Rac8 15. Nh4 Nc5 16. Qc4 b5 1/2-1/2

[Event "AUT-ch qual"]
[Site "Gmunden"]
[Date "2005.08.20"]
[Round "8"]
[White "Kuran, Avelino"]
[Black "Koffler, Daniel"]
[Result "1/2-1/2"]
[WhiteElo "2016"]
[BlackElo "2106"]
[PlyCount "50"]
[EventDate "2005.08.13"]
[EventType "swiss"]
[EventRounds "9"]
[EventCountry "AUT"]
[SourceTitle "CBM 107 Extra"]
[Source "ChessBase"]
[SourceDate "2005.09.01"]
[SourceVersion "1"]
[SourceVersionDate "2005.09.01"]
[SourceQuality "1"]

1. e4 c5 2. Nf3 Nc6 3. d4 cxd4 4. Nxd4 Nf6 5. Nc3 e5 6. Ndb5 d6 7. Bg5 a6 8. Na3 b5 9. Bxf6 gxf6 10. Nd5 Bg7 11. c3 f5 12. exf5 Bxf5 13. Nc2 Be6 14. Nce3 Ne7 15. a4 Nxd5 16. Nxd5 Rb8 17. axb5 axb5 18. Ra6 0-0 19. Be2 e4 20. Rxd6 Qg5 21. g3 Kh8 22. h4 Qe5 23. Nb4 Bb3 24. Qd4 Qxd4 25. cxd4 Rfd8 1/2-1/2

[Event "AUT-ch qual"]
[Site "Gmunden"]
[Date "2005.08.15"]
[Round "3"]
[White "Lenz, Alarich"]
[Black "Kuran, Avelino"]
[Result "1-0"]
[WhiteElo "2190"]
[BlackElo "2016"]
[PlyCount "159"]
[EventDate "2005.08.13"]
[EventType "swiss"]
[EventRounds "9"]
[EventCountry "AUT"]
[SourceTitle "CBM 107 Extra"]
[Source "ChessBase"]
[SourceDate "2005.09.01"]
[SourceVersion "1"]
[SourceVersionDate "2005.09.01"]
[SourceQuality "1"]

1. c4 Nf6 2. Nf3 c5 3. Nc3 Nc6 4. g3 b6 5. Bg2 Bb7 6. 0-0 e6 7. Re1 Be7 8. e4 d6 9. d4 cxd4 10. Nxd4 Nxd4 11. Qxd4 0-0 12. b3 Qd7 13. Bb2 Rfd8 14. Rad1 Rac8 15. h3 Ba8 16. Qe3 Qb7 17. Rd2 a6 18. a4 Rd7 19. Kh2 Rcd8 20. f4 Qb8 21. Red1 Ne8 22. Bf3 Bc6 23. Ne2 Nc7 24. Bd4 b5 25. cxb5 axb5 26. a5 Na6 27. Bb6 Rc8 28. Nd4 Bd8 29. Bxd8 Rdxd8 30. Rc1 Bd7 31. Rdc2 Qa7 32. Qd2 Qb8 33. b4 Qb7 34. e5 d5 35. Be2 Nc7 36. Nb3 Be8 37. Nc5 Qa7 38. Qd4 Na6 39. Nxe6 Qxd4 40. Nxd4 Rxc2 41. Rxc2 Nxb4 42. Rb2 Nc6 43. Nxb5 Nxa5 44. Nd6 Bc6 45. Ra2 Nb7 46. Nf5 Kf8 47. Rc2 Bd7 48. Nd4 Na5 49. Rc5 Nc4 50. Bxc4 dxc4 51. Rxc4 Be6 52. Rb4 Ra8 53. g4 Ra2+ 54. Kg3 Bd5 55. Rb8+ Ke7 56. Nf5+ Kd7 57. Nxg7 Ra3+ 58. Kh4 Bg2 59. Kg5 Rxh3 60. Rb2 Bd5 61. Rd2 Kc6 62. Nf5 Be6 63. Nd4+ Kd5 64. Nxe6+ Kxe6 65. Rd6+ Ke7 66. Ra6 Rg3 67. f5 Rb3 68. Ra7+ Ke8 69. Kf6 Rb4 70. Re7+ Kd8 71. Rxf7 Rxg4 72. Rxh7 Ra4 73. e6 Ra6 74. Rd7+ Ke8 75. Rb7 Kd8 76. Kf7 Ra5 77. f6 Rh5 78. e7+ Kc8 79. Ra7 Kb8 80. Rd7 1-0

[Event "AUT-chT2M 0405"]
[Site "Austria"]
[Date "2005.01.30"]
[Round "7.6"]
[White "Kuran, Avelino"]
[Black "Grafeneder, Guenther"]
[Result "1-0"]
[WhiteElo "1729"]
[BlackElo "1819"]
[PlyCount "37"]
[EventDate "2004.10.16"]
[EventType "team-tourn"]
[EventRounds "11"]
[EventCountry "AUT"]
[SourceTitle "EXT 2005"]
[Source "ChessBase"]
[SourceDate "2004.11.15"]
[SourceVersion "1"]
[SourceVersionDate "2004.11.15"]
[SourceQuality "1"]
[WhiteTeam "Sauwald"]
[BlackTeam "Wartberg/Aist"]
[WhiteTeamCountry "AUT"]
[BlackTeamCountry "AUT"]

1. e4 c6 2. d4 d5 3. e5 Bf5 4. g4 Bg6 5. Bd3 Bxd3 6. Qxd3 e6 7. h4 c5 8. c3 Nc6 9. Ne2 Qb6 10. a3 0-0-0 11. b4 cxd4 12. cxd4 Kb8 13. 0-0 Be7 14. h5 f6 15. b5 Na5 16. Bf4 Ka8 17. Rc1 Nh6 18. exf6 Bxf6 19. Bc7 1-0